[Event "17. Europa ch Juvenil - Masculino s16"]
[Site "Sibenik CRO"]
[Date "2007.09.14"]
[Round "1.31"]
[White "Mammadov, Ayaz"]
[Black "Sucic, Mihael"]
[Result "1-0"]
[WhiteElo "2237"]
[BlackElo "1967"]
[PlyCount "57"]
[EventDate "2007.09.14"]
[EventType "swiss"]
[EventRounds "9"]
[EventCountry "CRO"]
[Source "lmi"]
[SourceDate "2007.09.14"]

1. e4 c5 2. Nf3 e6 3. d4 cxd4 4. Nxd4 Nf6 5. Bd3 Nc6 6. Nxc6 bxc6 7. O-O d5 8.
Nd2 Qc7 9. Qe2 Bd6 10. h3 O-O 11. b3 Nxe4 12. Bxe4 dxe4 13. Nxe4 Be5 14. Rb1
Bb7 15. Be3 Rfd8 16. Rbd1 a5 17. Nc5 Rab8 18. Na4 Qe7 19. Bb6 Bc7 20. Qe3 Ba6
21. Bxc7 Qxc7 22. c4 h6 23. Nc5 Qa7 24. Rfe1 Qb6 25. Qe5 Qa7 26. Na4 Ra8 27.
Qxa5 Rxd1 28. Rxd1 Bxc4 29. Rd8+ 1-0

[Event "17. Europa ch Juvenil - Masculino s16"]
[Site "Sibenik CRO"]
[Date "2007.09.14"]
[Round "1.32"]
[White "Ben, Tomer"]
[Black "Baron, Tal"]
[Result "1/2-1/2"]
[WhiteElo "1966"]
[BlackElo "2232"]
[PlyCount "23"]
[EventDate "2007.09.14"]
[EventType "swiss"]
[EventRounds "9"]
[EventCountry "CRO"]
[Source "lmi"]
[SourceDate "2007.09.14"]

1. Nf3 Nf6 2. g3 g6 3. Bg2 Bg7 4. O-O O-O 5. c4 c5 6. Nc3 Nc6 7. d4 cxd4 8.
Nxd4 Qa5 9. Nb3 Qh5 10. e3 Qxd1 11. Rxd1 d6 12. Nd4 1/2-1/2

[Event "17. Europa ch Juvenil - Masculino s16"]
[Site "Sibenik CRO"]
[Date "2007.09.14"]
[Round "1.34"]
[White "Bekarovski, Filip"]
[Black "Bulanov, Dmitri"]
[Result "0-1"]
[WhiteElo "1950"]
[BlackElo "2220"]
[PlyCount "62"]
[EventDate "2007.09.14"]
[EventType "swiss"]
[EventRounds "9"]
[EventCountry "CRO"]
[Source "lmi"]
[SourceDate "2007.09.14"]

1. d4 f5 2. c4 g6 3. g3 Nf6 4. Bg2 Bg7 5. Nc3 O-O 6. Nh3 c6 7. Nf4 d6 8. d5 e5
9. dxe6 Qe7 10. h4 Na6 11. h5 gxh5 12. e4 Bxe6 13. Nxh5 Nxh5 14. Qxh5 Bxc3+ 15.
bxc3 Nc5 16. Be3 Nxe4 17. O-O-O Rf7 18. Rh4 Nf6 19. Qe2 d5 20. c5 b6 21. cxb6
axb6 22. Bxb6 Ne4 23. Bd4 Qa3+ 24. Qb2 Qxb2+ 25. Kxb2 Rb7+ 26. Ka1 c5 27. Bxe4
dxe4 28. Rd2 cxd4 29. cxd4 Bd5 30. Rf4 Rab8 31. Rd1 Rb2 0-1

[Event "17. Europa ch Juvenil - Masculino s16"]
[Site "Sibenik CRO"]
[Date "2007.09.14"]
[Round "1.35"]
[White "Sieciechowicz, Marcin"]
[Black "Buhin, Denis"]
[Result "1-0"]
[WhiteElo "2214"]
[BlackElo "1943"]
[PlyCount "81"]
[EventDate "2007.09.14"]
[EventType "swiss"]
[EventRounds "9"]
[EventCountry "CRO"]
[Source "lmi"]
[SourceDate "2007.09.14"]

1. d4 d5 2. c4 e6 3. Nc3 Nf6 4. Bg5 Be7 5. e3 O-O 6. Nf3 h6 7. Bh4 b6 8. Rc1
Bb7 9. Be2 dxc4 10. Bxc4 Nbd7 11. O-O c5 12. Qe2 Ne4 13. Bxe7 Nxc3 14. Rxc3
Qxe7 15. Ba6 Bxa6 16. Qxa6 cxd4 17. Nxd4 Nc5 18. Qa3 Qd7 19. Rfc1 Rfc8 20. g3
Ne4 21. Rxc8+ Rxc8 22. Rxc8+ Qxc8 23. Qxa7 Qc1+ 24. Kg2 Nd2 25. Qa8+ Kh7 26.
Qa6 Qxb2 27. Qd3+ Kg8 28. Nc6 g6 29. a4 Kg7 30. h4 Nb3 31. Qb5 Qa2 32. Qe5+ Kg8
33. Ne7+ Kf8 34. Nc8 Kg8 35. Nxb6 Nc1 36. Qb8+ Kg7 37. Qe8 Qa3 38. Nd7 Nd3 39.
a5 Qb4 40. a6 Ne1+ 41. Kh3 1-0

[Event "17. Europa ch Juvenil - Masculino s16"]
[Site "Sibenik CRO"]
[Date "2007.09.14"]
[Round "1.36"]
[White "Boje, Tobias"]
[Black "Anton, Teodor"]
[Result "0-1"]
[WhiteElo "1931"]
[BlackElo "2212"]
[PlyCount "93"]
[EventDate "2007.09.14"]
[EventType "swiss"]
[EventRounds "9"]
[EventCountry "CRO"]
[Source "lmi"]
[SourceDate "2007.09.14"]

1. e4 e5 2. Nf3 Nc6 3. Bb5 a6 4. Ba4 d6 5. O-O Bd7 6. c3 Nge7 7. d4 Ng6 8. Re1
Be7 9. Nbd2 Bg5 10. Nxg5 Qxg5 11. Nf3 Qe7 12. Be3 h6 13. Qc2 b5 14. Bb3 Na5 15.
dxe5 dxe5 16. Rad1 Bg4 17. Bd5 c6 18. Bb6 cxd5 19. Bxa5 Bxf3 20. gxf3 O-O 21.
exd5 Nh4 22. Kh1 f5 23. f4 Nf3 24. Re3 e4 25. Bb4 Qh4 26. Rxf3 exf3 27. Bxf8
Rxf8 28. Qd2 Re8 29. d6 Kh7 30. d7 Re2 31. d8=Q Qxf2 32. Qxe2 fxe2 33. Qd3
exd1=Q+ 34. Qxd1 Qxf4 35. Kg2 Qg4+ 36. Qxg4 fxg4 37. Kg3 h5 38. Kf4 Kg6 39. a4
Kf6 40. axb5 axb5 41. b3 Ke6 42. c4 bxc4 43. bxc4 Kd6 44. Kg5 g6 45. Kf6 Kc5
46. Ke5 Kxc4 47. Ke4 0-1

[Event "17. Europa ch Juvenil - Masculino s16"]
[Site "Sibenik CRO"]
[Date "2007.09.14"]
[Round "1.37"]
[White "Pecha, Tomas"]
[Black "Stocko, Josip"]
[Result "1-0"]
[WhiteElo "2204"]
[BlackElo "1874"]
[PlyCount "55"]
[EventDate "2007.09.14"]
[EventType "swiss"]
[EventRounds "9"]
[EventCountry "CRO"]
[Source "lmi"]
[SourceDate "2007.09.14"]

1. e4 c5 2. Nf3 e6 3. d4 cxd4 4. Nxd4 Nf6 5. Nc3 d6 6. Be2 a6 7. a4 Nc6 8. O-O
Be7 9. Be3 O-O 10. Kh1 Qc7 11. f4 Re8 12. Bf3 Bd7 13. Nb3 Na5 14. Nxa5 Qxa5 15.
Qe1 Bc6 16. b4 Qc7 17. b5 axb5 18. axb5 Bd7 19. b6 Rxa1 20. Qxa1 Qb8 21. Qa5
Bc6 22. Ra1 Nd7 23. Nb5 Bf6 24. Rd1 Bxb5 25. Qxb5 Qc8 26. Rxd6 Nb8 27. e5 Be7
28. Bxb7 1-0

[Event "17. Europa ch Juvenil - Masculino s16"]
[Site "Sibenik CRO"]
[Date "2007.09.14"]
[Round "1.38"]
[White "Tausanov, Mihail"]
[Black "Yilmaz, Mustafa"]
[Result "0-1"]
[WhiteElo "1771"]
[BlackElo "2204"]
[PlyCount "102"]
[EventDate "2007.09.14"]
[EventType "swiss"]
[EventRounds "9"]
[EventCountry "CRO"]
[Source "lmi"]
[SourceDate "2007.09.14"]

1. Nf3 Nf6 2. c4 e6 3. g3 Be7 4. Bg2 O-O 5. b3 d5 6. Bb2 c5 7. cxd5 exd5 8. d4
b6 9. Qc2 Nc6 10. a3 Ne4 11. O-O Bf5 12. Qc1 Rc8 13. dxc5 bxc5 14. Nbd2 Qb6 15.
Nxe4 Bxe4 16. Qe3 Rfe8 17. Bh3 Rcd8 18. Nd2 Bg6 19. Qf3 c4 20. Bf5 Bxf5 21.
Qxf5 Bf8 22. Qf3 cxb3 23. Rab1 Rb8 24. Rfc1 a5 25. e3 Red8 26. Qg4 d4 27. Nc4
Qa7 28. Rd1 Qd7 29. Qxd7 Rxd7 30. exd4 Rbd8 31. Rd3 a4 32. Rbd1 Ne7 33. Nb6 Ra7
34. d5 Nf5 35. Nc4 f6 36. g4 Nd6 37. Rd4 Rc8 38. Ne3 Nb5 39. Rc4 Rxc4 40. Nxc4
Nd6 41. Nxd6 Bxd6 42. h3 Rc7 43. Rd2 Bf4 44. Re2 Rc2 45. Re4 Rxb2 46. Rxf4 Rd2
47. Rb4 Rxd5 48. Kf1 Rd1+ 49. Ke2 Ra1 50. Kd3 Rxa3 51. Rb7 Ra2 0-1

[Event "17. Europa ch Juvenil - Masculino s16"]
[Site "Sibenik CRO"]
[Date "2007.09.14"]
[Round "1.39"]
[White "Zivkovic, Dejan"]
[Black "Vranar, Viktor"]
[Result "1-0"]
[WhiteElo "2191"]
[BlackElo "1729"]
[PlyCount "51"]
[EventDate "2007.09.14"]
[EventType "swiss"]
[EventRounds "9"]
[EventCountry "CRO"]
[Source "lmi"]
[SourceDate "2007.09.14"]

1. d4 Nf6 2. Nf3 e6 3. e3 d5 4. Bd3 Bd6 5. b3 b6 6. Bb2 O-O 7. O-O Bb7 8. Nbd2
Nbd7 9. Ne5 c5 10. f4 Ne8 11. Qh5 f5 12. Ndf3 Nxe5 13. dxe5 Be7 14. g4 g6 15.
Qh3 Nc7 16. Rf2 Kh8 17. Rg2 Rg8 18. Rd1 Qe8 19. Rdd2 Qc6 20. gxf5 gxf5 21. Nh4
Bxh4 22. Qxh4 Raf8 23. Bf1 c4 24. Ba3 c3 25. Bxf8 Rxf8 26. Qe7 1-0

[Event "17. Europa ch Juvenil - Masculino s16"]
[Site "Sibenik CRO"]
[Date "2007.09.15"]
[Round "2.1"]
[White "Lomsadze, Davit"]
[Black "Onischuk, Vladimir"]
[Result "1-0"]
[WhiteElo "2305"]
[BlackElo "2506"]
[PlyCount "63"]
[EventDate "2007.09.14"]
[EventType "swiss"]
[EventRounds "9"]
[EventCountry "CRO"]
[Source "lmi"]
[SourceDate "2007.09.14"]

1. e4 g6 2. d4 Bg7 3. c4 d6 4. Nc3 Nc6 5. Be3 e5 6. Nge2 Nf6 7. f3 O-O 8. Qd2
a6 9. d5 Ne7 10. O-O-O Nd7 11. g4 f5 12. gxf5 gxf5 13. Bg5 Nf6 14. exf5 Nxf5
15. Rg1 Kh8 16. Ng3 Nd4 17. Qg2 Qd7 18. Nce2 Nxe2+ 19. Qxe2 Qf7 20. Qc2 b5 21.
h4 bxc4 22. Bxc4 Rb8 23. h5 Ng8 24. Bd2 Nh6 25. Ne4 Nf5 26. h6 Bf6 27. Nxf6
Qxf6 28. Bg5 Qf7 29. Qc3 c5 30. dxc6 Be6 31. Rxd6 Nd4 32. Rxd4 1-0

[Event "17. Europa ch Juvenil - Masculino s16"]
[Site "Sibenik CRO"]
[Date "2007.09.15"]
[Round "2.2"]
[White "Feller, Sebastien"]
[Black "Balazs, Gabor"]
[Result "0-1"]
[WhiteElo "2476"]
[BlackElo "2305"]
[PlyCount "69"]
[EventDate "2007.09.14"]
[EventType "swiss"]
[EventRounds "9"]
[EventCountry "CRO"]
[Source "lmi"]
[SourceDate "2007.09.14"]

1. d4 d5 2. c4 c6 3. Nc3 Nf6 4. Nf3 e6 5. Bg5 Nbd7 6. e3 Qa5 7. Nd2 Bb4 8. Qc2
O-O 9. Be2 e5 10. O-O exd4 11. Nb3 Qb6 12. exd4 dxc4 13. Bxc4 a5 14. a3 Bd6 15.
Rad1 a4 16. Nd2 Qc7 17. Nf3 Ra5 18. h3 h6 19. Bd2 Bf4 20. Bxf4 Qxf4 21. Ba2 Nb6
22. Ne5 Bf5 23. Qe2 Nbd5 24. g3 Nxc3 25. bxc3 Qe4 26. Qxe4 Nxe4 27. Bb1 Nd6 28.
Bxf5 Nxf5 29. g4 Nd6 30. c4 Rd8 31. Rc1 Ne4 32. Rfd1 Ng5 33. Kh2 f6 34. Ng6
Rxd4 35. Ne7+ 0-1

[Event "17. Europa ch Juvenil - Masculino s16"]
[Site "Sibenik CRO"]
[Date "2007.09.15"]
[Round "2.3"]
[White "Alonso Rosell, Alvar"]
[Black "Salgado Lopez, Ivan"]
[Result "0-1"]
[WhiteElo "2285"]
[BlackElo "2456"]
[PlyCount "76"]
[EventDate "2007.09.14"]
[EventType "swiss"]
[EventRounds "9"]
[EventCountry "CRO"]
[Source "lmi"]
[SourceDate "2007.09.14"]

1. d4 e6 2. c4 Nf6 3. Nc3 Bb4 4. f3 O-O 5. a3 Bxc3+ 6. bxc3 Ne8 7. e4 b6 8. Bd3
Ba6 9. Qe2 Nc6 10. a4 Na5 11. Ba3 c5 12. f4 f5 13. e5 d5 14. cxd5 Bxd3 15. Qxd3
Qxd5 16. Nf3 Nc7 17. O-O Rfd8 18. Rfd1 Qc6 19. Nd2 Nd5 20. g3 cxd4 21. cxd4
Rac8 22. Nf3 h6 23. Bd6 Qc3 24. Qxc3 Rxc3 25. Kf2 Rdc8 26. Ra2 Kf7 27. Rdd2 Rc1
28. Ba3 R1c4 29. Bb2 Nb4 30. Ra3 R4c7 31. Re2 Rc2 32. Rae3 R8c4 33. Nd2 Rc8 34.
Nf3 Ke8 35. Ne1 R2c4 36. Ra3 Nd5 37. Nd3 Nc6 38. Ke1 a5 0-1

[Event "17. Europa ch Juvenil - Masculino s16"]
[Site "Sibenik CRO"]
[Date "2007.09.15"]
[Round "2.4"]
[White "Lehmann, Marco"]
[Black "Durarbeyli, Vasif"]
[Result "0-1"]
[WhiteElo "2279"]
[BlackElo "2417"]
[PlyCount "104"]
[EventDate "2007.09.14"]
[EventType "swiss"]
[EventRounds "9"]
[EventCountry "CRO"]
[Source "lmi"]
[SourceDate "2007.09.14"]

1. d4 Nf6 2. Nf3 e6 3. c4 b6 4. g3 Bb7 5. Bg2 Bb4+ 6. Bd2 a5 7. O-O O-O 8. Bf4
Be7 9. Nc3 Ne4 10. Qc2 Nxc3 11. Qxc3 d6 12. Rad1 Nd7 13. Ne1 Bxg2 14. Nxg2 Bf6
15. Qc2 Qe7 16. Rfe1 Rfe8 17. Bc1 Rad8 18. Nf4 g6 19. b3 Qf8 20. Bb2 Qg7 21.
Ba1 Nb8 22. Qe4 Bg5 23. Qb7 Rd7 24. Qg2 Bf6 25. e4 c5 26. d5 Bxa1 27. Rxa1 e5
28. Nd3 f5 29. a3 Rde7 30. b4 fxe4 31. Qxe4 Nd7 32. bxa5 bxa5 33. Rab1 Nf6 34.
Qe2 g5 35. Rb6 e4 36. Nb2 e3 37. fxe3 Ne4 38. Nd1 Rf7 39. Rf1 Rxf1+ 40. Kxf1
Rf8+ 41. Kg2 Qf6 42. Rb2 Qf5 43. Rb7 g4 44. Re7 h5 45. a4 Rf6 46. Re8+ Kf7 47.
Ra8 Qf3+ 48. Qxf3 gxf3+ 49. Kh3 f2 50. Nxf2 Rxf2 51. Rxa5 Ng5+ 52. Kh4 Kg6 0-1

[Event "17. Europa ch Juvenil - Masculino s16"]
[Site "Sibenik CRO"]
[Date "2007.09.15"]
[Round "2.5"]
[White "Georgescu, Tiberiu"]
[Black "Rasulov, Vugar"]
[Result "1/2-1/2"]
[WhiteElo "2385"]
[BlackElo "2297"]
[PlyCount "59"]
[EventDate "2007.09.14"]
[EventType "swiss"]
[EventRounds "9"]
[EventCountry "CRO"]
[Source "lmi"]
[SourceDate "2007.09.14"]

1. d4 Nf6 2. c4 g6 3. Nc3 Bg7 4. e4 d6 5. Nge2 O-O 6. Ng3 e5 7. d5 Ng4 8. Be2
Qh4 9. Bd2 f5 10. Bxg4 fxg4 11. Qc1 Qe7 12. Bg5 Qe8 13. Qe3 b6 14. O-O a5 15.
b3 Na6 16. f3 gxf3 17. Rxf3 Rxf3 18. Qxf3 h6 19. Be3 Bd7 20. Rf1 Qe7 21. Qe2
Rf8 22. Nh1 h5 23. Rxf8+ Qxf8 24. Nf2 Bh6 25. Nd3 Nb4 26. Nxb4 axb4 27. Nb5
Bxb5 28. cxb5 Bxe3+ 29. Qxe3 Qf4 30. Qe2 1/2-1/2

[Event "17. Europa ch Juvenil - Masculino s16"]
[Site "Sibenik CRO"]
[Date "2007.09.15"]
[Round "2.6"]
[White "Recuero Guerra, David"]
[Black "Saatdjian, Thomas"]
[Result "1/2-1/2"]
[WhiteElo "2378"]
[BlackElo "2284"]
[PlyCount "62"]
[EventDate "2007.09.14"]
[EventType "swiss"]
[EventRounds "9"]
[EventCountry "CRO"]
[Source "lmi"]
[SourceDate "2007.09.14"]

1. e4 c5 2. Nf3 d6 3. d4 cxd4 4. Nxd4 Nf6 5. Nc3 a6 6. Be3 e5 7. Nb3 Be6 8. Qd2
Nbd7 9. O-O-O b5 10. f4 Rc8 11. Kb1 Be7 12. f5 Bc4 13. Bd3 O-O 14. Rhg1 Ng4 15.
Nd5 Nxe3 16. Qxe3 Bg5 17. Qf3 a5 18. g4 Bxd5 19. exd5 a4 20. Nd2 Nc5 21. Ne4
Nxe4 22. Qxe4 f6 23. Bxb5 a3 24. b4 Rc3 25. Rg3 Rxg3 26. hxg3 Qb6 27. Qe2 Rb8
28. c4 Be3 29. Kc2 Bg5 30. Qe1 Rb7 31. Rd3 Ra7 1/2-1/2

[Event "17. Europa ch Juvenil - Masculino s16"]
[Site "Sibenik CRO"]
[Date "2007.09.15"]
[Round "2.7"]
[White "Varga, David"]
[Black "Lavrik, Dmitry"]
[Result "0-1"]
[WhiteElo "2257"]
[BlackElo "2371"]
[PlyCount "54"]
[EventDate "2007.09.14"]
[EventType "swiss"]
[EventRounds "9"]
[EventCountry "CRO"]
[Source "lmi"]
[SourceDate "2007.09.14"]

1. e4 c5 2. Nf3 e6 3. d4 cxd4 4. Nxd4 a6 5. Bd3 Nf6 6. O-O d6 7. c4 Nbd7 8. Qe2
Be7 9. f4 Qc7 10. Kh1 b6 11. Nc3 Bb7 12. Bd2 O-O 13. Rae1 Rad8 14. Rf3 g6 15.
Rg3 Kh8 16. Rh3 e5 17. Nf3 Nc5 18. Bb1 exf4 19. Bxf4 Kg8 20. e5 Ng4 21. Ng5
dxe5 22. Nxh7 exf4 23. Qxg4 Bc8 24. Qf3 Bxh3 25. Qxh3 Rfe8 26. Nd5 Qd6 27. Qh6
Bg5 0-1

[Event "17. Europa ch Juvenil - Masculino s16"]
[Site "Sibenik CRO"]
[Date "2007.09.15"]
[Round "2.9"]
[White "Bulanov, Dmitri"]
[Black "Piorun, Kacper"]
[Result "0-1"]
[WhiteElo "2220"]
[BlackElo "2359"]
[PlyCount "170"]
[EventDate "2007.09.14"]
[EventType "swiss"]
[EventRounds "9"]
[EventCountry "CRO"]
[Source "lmi"]
[SourceDate "2007.09.14"]

1. e4 e6 2. d4 d5 3. Nc3 Bb4 4. e5 c5 5. a3 Bxc3+ 6. bxc3 Ne7 7. Qg4 O-O 8. Bd3
Nbc6 9. Qh5 Ng6 10. Nf3 Qc7 11. O-O c4 12. Be2 f6 13. exf6 Rxf6 14. g3 Bd7 15.
Nh4 Nce7 16. Bg5 Rf7 17. Bxe7 Nxe7 18. f4 Qa5 19. Qf3 Ba4 20. Ra2 Nf5 21. Ng2
Nd6 22. Rb1 Bc6 23. Qe3 Re7 24. Nh4 Be8 25. Bg4 Ne4 26. Rb4 Rd8 27. Bf3 Nd6 28.
Ra1 Rdd7 29. Qd2 Rc7 30. Bg4 Ne4 31. Qe3 Bf7 32. Bh3 h6 33. g4 Qa6 34. Kh1 Qd6
35. Bg2 g5 36. fxg5 Nxg5 37. Re1 Be8 38. Rbb1 Kg7 39. Re2 Rf7 40. Rf1 Rxf1+ 41.
Bxf1 Rf7 42. Bg2 Qxa3 43. Nf5+ exf5 44. Qxe8 Ne4 45. Qe5+ Kh7 46. Re1 Qe7 47.
gxf5 Qxe5 48. dxe5 Rxf5 49. Bxe4 dxe4 50. Rxe4 Rf7 51. Rxc4 Kg6 52. Ra4 a6 53.
e6 Re7 54. Rb4 Kf5 55. Rb6 Rg7 56. c4 Re7 57. c5 Rxe6 58. Rxb7 Ke5 59. c4 Rc6
60. Rg7 Kd4 61. Rg4+ Kxc5 62. h4 a5 63. Rg8 Kxc4 64. Ra8 Kb5 65. Kg2 Ra6 66.
Rb8+ Kc4 67. Rc8+ Kd4 68. Kf3 a4 69. Rd8+ Ke5 70. Rd2 a3 71. Ra2 h5 72. Ke3 Ra7
73. Kd3 Kf4 74. Kc2 Kg3 75. Kb1 Rb7+ 76. Ka1 Rb3 77. Rc2 Kxh4 78. Rg2 Rg3 79.
Rf2 Kh3 80. Rf8 h4 81. Rh8 Rf3 82. Rg8 Kh2 83. Ka2 h3 84. Rh8 Kg2 85. Rg8+ Rg3
0-1

[Event "17. Europa ch Juvenil - Masculino s16"]
[Site "Sibenik CRO"]
[Date "2007.09.15"]
[Round "2.10"]
[White "Leniart, Arkadiusz"]
[Black "Sieciechowicz, Marcin"]
[Result "1/2-1/2"]
[WhiteElo "2357"]
[BlackElo "2214"]
[PlyCount "66"]
[EventDate "2007.09.14"]
[EventType "swiss"]
[EventRounds "9"]
[EventCountry "CRO"]
[Source "lmi"]
[SourceDate "2007.09.14"]

1. e4 e6 2. d4 d5 3. Nc3 Bb4 4. e5 c5 5. Bd2 Nh6 6. Bxh6 gxh6 7. a3 Ba5 8. dxc5
Bxc3+ 9. bxc3 Nd7 10. Nf3 Qa5 11. Qd2 Nxc5 12. c4 Qxd2+ 13. Nxd2 dxc4 14. Nxc4
Bd7 15. Be2 Bc6 16. f3 Ke7 17. Kf2 Rhg8 18. Rhd1 Raf8 19. g3 f6 20. Ke3 Na4 21.
exf6+ Rxf6 22. Ne5 Nc3 23. Rd4 Rf5 24. f4 Nxe2 25. Kxe2 Rh5 26. Nxc6+ bxc6 27.
Rh1 Rxg3 28. hxg3 Rxh1 29. Ra4 Rh2+ 30. Kd3 Rg2 31. Rxa7+ Kd6 32. Rxh7 Rxg3+
33. Ke4 Rxa3 1/2-1/2

[Event "17. Europa ch Juvenil - Masculino s16"]
[Site "Sibenik CRO"]
[Date "2007.09.15"]
[Round "2.11"]
[White "Hamitevici, Vladimir"]
[Black "Anton, Teodor"]
[Result "1-0"]
[WhiteElo "2333"]
[BlackElo "2212"]
[PlyCount "97"]
[EventDate "2007.09.14"]
[EventType "swiss"]
[EventRounds "9"]
[EventCountry "CRO"]
[Source "lmi"]
[SourceDate "2007.09.14"]

1. Nf3 Nf6 2. d4 e6 3. Bg5 c5 4. e3 cxd4 5. exd4 Be7 6. c3 b6 7. Nbd2 O-O 8. h3
Ba6 9. Bxa6 Nxa6 10. Qe2 Nc7 11. g4 b5 12. Ne5 Nfd5 13. Bxe7 Qxe7 14. Nd3 d6
15. h4 f5 16. gxf5 Rxf5 17. O-O-O Raf8 18. f3 Nf4 19. Qe4 Ncd5 20. Rde1 Nxd3+
21. Qxd3 Nf4 22. Qf1 Rh5 23. Ne4 Rxh4 24. Qxb5 d5 25. Nc5 Rxh1 26. Rxh1 Qg5 27.
Kb1 Qg6+ 28. Ka1 Qg2 29. Qf1 Qxf1+ 30. Rxf1 h5 31. b4 h4 32. b5 h3 33. Rh1 Kh7
34. a4 Kh6 35. Kb2 Kh5 36. Nd7 Nd3+ 37. Kc2 Rxf3 38. a5 Nf2 39. b6 axb6 40.
axb6 Nxh1 41. b7 Rf2+ 42. Kb3 h2 43. b8=Q Kg4 44. Ne5+ Kh3 45. Qh8+ Kg2 46. Ng4
Kg1 47. Qh4 Re2 48. Qh3 g5 49. Ka3 1-0

[Event "17. Europa ch Juvenil - Masculino s16"]
[Site "Sibenik CRO"]
[Date "2007.09.15"]
[Round "2.12"]
[White "Yilmaz, Mustafa"]
[Black "Jorczik, Julian"]
[Result "1/2-1/2"]
[WhiteElo "2204"]
[BlackElo "2333"]
[PlyCount "89"]
[EventDate "2007.09.14"]
[EventType "swiss"]
[EventRounds "9"]
[EventCountry "CRO"]
[Source "lmi"]
[SourceDate "2007.09.14"]

1. e4 c6 2. Nc3 d5 3. Nf3 Bg4 4. h3 Bxf3 5. Qxf3 e6 6. d3 Nd7 7. g4 g6 8. Bg2
Bg7 9. O-O Ne7 10. Qe2 O-O 11. Kh1 b5 12. f4 Re8 13. Nd1 f5 14. c3 a5 15. Be3
c5 16. Bf2 Kh8 17. Bh4 Nf6 18. Nf2 Qb6 19. Rfe1 c4 20. Bxf6 Bxf6 21. exf5 Bh4
22. d4 exf5 23. Qe5+ Bf6 24. Qe6 Qxe6 25. Rxe6 Bh4 26. Kg1 Kg7 27. Rae1 Kf8 28.
R1e3 b4 29. g5 bxc3 30. bxc3 Rab8 31. Nh1 Rb1+ 32. Kh2 Rb2 33. Rf6+ Kg7 34.
Rfe6 Kf8 35. a4 Ra2 36. Ng3 Rxa4 37. Rf6+ Kg7 38. Rfe6 Kf7 39. Rf6+ Kg7 40.
Rfe6 Kf7 41. Ne2 h6 42. Rf6+ Kg7 43. Rfe6 Kf7 44. Rf6+ Kg7 45. Rfe6 1/2-1/2

[Event "17. Europa ch Juvenil - Masculino s16"]
[Site "Sibenik CRO"]
[Date "2007.09.15"]
[Round "2.13"]
[White "Roganovic, Milos"]
[Black "Pecha, Tomas"]
[Result "1/2-1/2"]
[WhiteElo "2329"]
[BlackElo "2204"]
[PlyCount "61"]
[EventDate "2007.09.14"]
[EventType "swiss"]
[EventRounds "9"]
[EventCountry "CRO"]
[Source "lmi"]
[SourceDate "2007.09.14"]

1. e4 e5 2. Nf3 Nc6 3. Bc4 Nf6 4. d3 Be7 5. O-O O-O 6. Bb3 d6 7. c3 Kh8 8. Ng5
Qe8 9. f4 h6 10. Nf3 exf4 11. Bxf4 Nh5 12. Be3 f5 13. Nbd2 f4 14. Bf2 g5 15.
Nd4 Ne5 16. N2f3 g4 17. Nxe5 dxe5 18. Nf5 Bxf5 19. exf5 Nf6 20. Be6 Qh5 21. g3
f3 22. Qd2 Qh3 23. Be3 Rad8 24. d4 exd4 25. cxd4 c5 26. d5 Nxd5 27. Rf2 Nxe3
28. Qxe3 Bf6 29. Kh1 Bd4 30. Qe4 Bxf2 31. Qe5+ 1/2-1/2

[Event "17. Europa ch Juvenil - Masculino s16"]
[Site "Sibenik CRO"]
[Date "2007.09.15"]
[Round "2.14"]
[White "Pavlidis, Anastasios"]
[Black "Narmontas, Matas"]
[Result "1/2-1/2"]
[WhiteElo "2182"]
[BlackElo "2327"]
[PlyCount "98"]
[EventDate "2007.09.14"]
[EventType "swiss"]
[EventRounds "9"]
[EventCountry "CRO"]
[Source "lmi"]
[SourceDate "2007.09.14"]

1. e4 e6 2. d4 d5 3. Nc3 Bb4 4. e5 c5 5. a3 Bxc3+ 6. bxc3 Qc7 7. Qg4 Ne7 8.
Qxg7 Rg8 9. Qxh7 cxd4 10. Ne2 dxc3 11. f4 Nbc6 12. Qd3 Bd7 13. Qxc3 O-O-O 14.
Rb1 Nf5 15. Rg1 d4 16. Qd3 Na5 17. g4 Nh4 18. Rg3 Bc6 19. Rb4 Nf3+ 20. Rxf3
Bxf3 21. Qxf3 Qxc2 22. Bd2 Nc6 23. Rb5 Rd7 24. Nc1 Rc7 25. Nd3 Ne7 26. Rb2 Qc4
27. Nb4 Qc5 28. Bg2 a5 29. Nd3 Qxa3 30. Rxb7 Nd5 31. Rxc7+ Kxc7 32. f5 Qe7 33.
Bxa5+ Kd7 34. f6 Qa3 35. Bd2 Rb8 36. Qe4 Qa1+ 37. Kf2 Qa2 38. Nc5+ Ke8 39. Qxd4
Rb4 40. Qd3 Rb2 41. Ne4 Qa7+ 42. Kg3 Qg1 43. Qa6 Rb3+ 44. Nc3 Rxc3+ 45. Bxc3
Qe3+ 46. Bf3 Qg1+ 47. Kh3 Nf4+ 48. Kh4 Qf2+ 49. Kg5 Nh3+ 1/2-1/2

[Event "17. Europa ch Juvenil - Masculino s16"]
[Site "Sibenik CRO"]
[Date "2007.09.15"]
[Round "2.15"]
[White "Bregadze, Levan"]
[Black "Zivkovic, Dejan"]
[Result "1-0"]
[WhiteElo "2324"]
[BlackElo "2191"]
[PlyCount "47"]
[EventDate "2007.09.14"]
[EventType "swiss"]
[EventRounds "9"]
[EventCountry "CRO"]
[Source "lmi"]
[SourceDate "2007.09.14"]

1. d4 Nf6 2. c4 g6 3. Nc3 d5 4. Bg5 dxc4 5. e4 Bg7 6. Bxc4 h6 7. Bh4 c6 8. Nge2
O-O 9. O-O b5 10. Bd3 a6 11. e5 Nd5 12. Nxd5 cxd5 13. f4 f5 14. Rc1 Be6 15. Qc2
Nd7 16. Qc6 Kf7 17. g4 Qa5 18. gxf5 gxf5 19. Bxf5 Bxf5 20. e6+ Kg8 21. exd7 e6
22. Qxa8 Rxa8 23. Rc8+ Kh7 24. d8=Q 1-0

[Event "17. Europa ch Juvenil - Masculino s16"]
[Site "Sibenik CRO"]
[Date "2007.09.15"]
[Round "2.16"]
[White "Blum, Nicolas"]
[Black "Krejci, Jan"]
[Result "1/2-1/2"]
[WhiteElo "2166"]
[BlackElo "2315"]
[PlyCount "49"]
[EventDate "2007.09.14"]
[EventType "swiss"]
[EventRounds "9"]
[EventCountry "CRO"]
[Source "lmi"]
[SourceDate "2007.09.14"]

1. e4 e5 2. Nf3 Nc6 3. Bb5 a6 4. Bxc6 dxc6 5. O-O Qd6 6. Na3 Be6 7. Qe2 O-O-O
8. Nc4 Bxc4 9. Qxc4 f6 10. Rd1 c5 11. d3 Qc6 12. Be3 Nh6 13. Bxh6 gxh6 14. Nh4
b5 15. Qc3 c4 16. dxc4 Rxd1+ 17. Rxd1 Qxe4 18. cxb5 axb5 19. f3 Qe2 20. Rd5 b4
21. Qd3 Qe1+ 22. Qf1 Bc5+ 23. Rxc5 Qe3+ 24. Qf2 Qc1+ 25. Qf1 1/2-1/2

[Event "17. Europa ch Juvenil - Masculino s16"]
[Site "Sibenik CRO"]
[Date "2007.09.15"]
[Round "2.17"]
[White "Goganov, Aleksey"]
[Black "Ivekovic, Zvonimir"]
[Result "1-0"]
[WhiteElo "2309"]
[BlackElo "2161"]
[PlyCount "67"]
[EventDate "2007.09.14"]
[EventType "swiss"]
[EventRounds "9"]
[EventCountry "CRO"]
[Source "lmi"]
[SourceDate "2007.09.14"]

1. d4 Nf6 2. c4 c5 3. d5 d6 4. Nc3 g6 5. e4 Bg7 6. h3 O-O 7. Nf3 e6 8. Bd3 Na6
9. O-O e5 10. Re1 h6 11. Rb1 Nh7 12. a3 f5 13. b4 f4 14. Be2 b6 15. bxc5 bxc5
16. Qa4 Nc7 17. Qc6 Bd7 18. Qxd6 Rf6 19. Qxe5 Rf7 20. Qd6 Bxc3 21. Bxf4 Bxe1
22. Rxe1 g5 23. Be5 Ne8 24. Qxh6 Qb6 25. d6 Qd8 26. Bc3 Ng7 27. Bd3 Rb8 28. Bc2
a6 29. Rd1 Rb7 30. Rd5 Be6 31. Nxg5 Nxg5 32. Rxg5 Qxd6 33. e5 Qb8 34. Qxe6 1-0

[Event "17. Europa ch Juvenil - Masculino s16"]
[Site "Sibenik CRO"]
[Date "2007.09.15"]
[Round "2.18"]
[White "Huschenbeth, Niclas"]
[Black "Veszpremi, Andras"]
[Result "1-0"]
[WhiteElo "2306"]
[BlackElo "2150"]
[PlyCount "43"]
[EventDate "2007.09.14"]
[EventType "swiss"]
[EventRounds "9"]
[EventCountry "CRO"]
[Source "lmi"]
[SourceDate "2007.09.14"]

1. e4 c5 2. Nf3 Nc6 3. d4 cxd4 4. Nxd4 e5 5. Nb5 a6 6. Nd6+ Bxd6 7. Qxd6 Qf6 8.
Qc7 Qg6 9. Nc3 Nge7 10. Be3 O-O 11. O-O-O b5 12. h4 b4 13. h5 Qe6 14. Rd6 bxc3
15. Rxe6 cxb2+ 16. Kb1 fxe6 17. h6 g6 18. Bc5 Rf7 19. Rh3 a5 20. Bb5 a4 21.
Bxe7 Rxe7 22. Bxc6 1-0